| 000 | 00584nam a22001817a 4500 | ||
|---|---|---|---|
| 005 | 20251108170833.0 | ||
| 008 | 250721s1996 xx 000 0 ara d | ||
| 082 | 1 | 4 | _a216.917/بسا |
| 100 | 1 | _aفرج، بسام عطية إسماعيل | |
| 245 | 1 | 0 |
_aالشورى في القرآن والسنة : _bدراسة موضوعية وتحليلية / |
| 264 | 1 |
_aعمان : _bدار البشير، _c1996 1996. |
|
| 300 | _a86ص | ||
| 650 | 1 | 7 | _aالأحكام السلطانية |
| 650 | 1 | 7 | _aالشورى |
| 650 | 1 | 7 | _aالديمقراطية |
| 942 |
_2ddc _cBK |
||
| 999 |
_c50186 _d50186 |
||